Operations research for engineers (Record no. 541521)

000 -LEADER
fixed length control field 00562cam a2200169 a 4500
020 ## - INTERNATIONAL STANDARD BOOK NUMBER
International Standard Book Number 8120404173
082 00 - DEWEY DECIMAL CLASSIFICATION NUMBER
Classification number 003.7
Author Mark BAS
-- mC-L-21,P-75
100 1# - MAIN ENTRY--PERSONAL NAME
Personal name Basu, S. K.,
9 (RLIN) 36460
245 10 - TITLE STATEMENT
Title Operations research for engineers
Statement of responsibility, etc. S.K. Basu ;
260 ## - PUBLICATION, DISTRIBUTION, ETC.
Place of publication, distribution, etc. Delhi :
Name of publisher, distributor, etc. Oxford and IBH publishing,
Date of publication, distribution, etc. 1989
300 ## - PHYSICAL DESCRIPTION
Extent vii, 339 p. ;
Dimensions 22 cm.
500 ## - GENERAL NOTE
General note Based on the author's thesis (Ph. D.--Patna University)
526 ## - STUDY PROGRAM INFORMATION NOTE
Program name 0
Interest level 0
Reading level 0
Title point value 003_700000000000000_BAS
650 #0 - SUBJECT ADDED ENTRY--TOPICAL TERM
Topical term or geographic name entry element Political science
Geographic subdivision India
General subdivision History
9 (RLIN) 36461
650 #0 - SUBJECT ADDED ENTRY--TOPICAL TERM
Topical term or geographic name entry element Social justice.
9 (RLIN) 36462
942 ## - ADDED ENTRY ELEMENTS (KOHA)
Source of classification or shelving scheme
Koha item type Book
Holdings
Withdrawn status Lost status Source of classification or shelving scheme Damaged status Not for loan Permanent Location Current Location Date acquired Total Checkouts Full call number Barcode Date last seen Price effective from Koha item type
          Military College of Engineering (MCE) Military College of Engineering (MCE) 08/05/2013   003.7 BAS MCE-27625 08/05/2013 08/05/2013 Book
© 2023 Central Library, National University of Sciences and Technology. All Rights Reserved.